Gramática sucinta de la lengua griega / (Record no. 60187)

MARC details
000 -LEADER
campo de control de longitud fija 00486nam a2200169 i 4500
001 - NÚMERO DE CONTROL
campo de control 60187
003 - IDENTIFICADOR DE NÚMERO DE CONTROL
campo de control ES-MaACL
005 - FECHA Y HORA DE LA ÚLTIMA TRANSACCIÓN
campo de control 20230906164155.0
007 - CAMPO FIJO DE DESCRIPCIÓN FÍSICA--INFORMACIÓN GENERAL
campo de control de longitud fija t|
008 - DATOS DE LONGITUD FIJA--INFORMACIÓN GENERAL
campo de control de longitud fija 031103s1955 sp ||||1| spa d
100 1# - ENTRADA PRINCIPAL--NOMBRE DE PERSONA
Nombre de persona Errandonea, Ignacio.
9 (RLIN) 47427
245 10 - MENCIÓN DEL TÍTULO
Título Gramática sucinta de la lengua griega /
Mención de responsabilidad, etc. Ignacio Errandonea.
250 ## - MENCION DE EDICION
Mención de edición 4ª ed.
260 ## - PUBLICACIÓN, DISTRIBUCIÓN, ETC.
Lugar de publicación, distribución, etc. Barcelona :
Nombre del editor, distribuidor, etc. Subirana,
Fecha de publicación, distribución, etc. 1955 (
Fabricante Tip. Catalana)
300 ## - DESCRIPCIÓN FÍSICA
Extensión XIV, 140 p. ;
Dimensiones 21 cm.
852 ## - LOCALIZACIÓN
Ubicación ES-MaACL
Número de control de estantería C-10379
Sublocalización o colección R.38337
Holdings
Estatus retirado Estado de pérdida Estado de daño No para préstamo Biblioteca de origen Biblioteca actual Ubicación en estantería Fecha de adquisición Fuente de adquisición Total de préstamos Signatura topográfica completa Código de barras Visto por última vez Precio de reemplazo Tipo de ítem Koha
        Biblioteca del Ateneo de Madrid Biblioteca del Ateneo de Madrid Sala Palomar 17/01/2008     C-10379 1063132 23/02/2023 23/02/2023 Libro impreso